000 00353cam a2200145ua 4500
041 _aeng
_h
082 _a947
_bCAS/GR
100 _aCash, A .
245 _aGreat neighbours: USSR /
_cA Cash.
_hTextual Documents
260 _aLondon :
_bWard lock educational co. ltd ,
_c1965.
300 _a96 ; .
504 _a
942 _cBK
999 _c6351
_d6351